| 000 | 00496nam a2200193Ia 4500 | ||
|---|---|---|---|
| 005 | 20230130132749.0 | ||
| 008 | 131103s9999 xx 000 0 und d | ||
| 020 | _cRs.5 | ||
| 040 | _aLoreto College | ||
| 041 | _aEnglish | ||
| 082 |
_a839.8 _bHAM |
||
| 100 | _aHamsun, Knut | ||
| 245 |
_aGrowth of the soil _cKnut Hamsun; translated from the norwegian by W. Worster |
||
| 260 |
_aLondon _bRupa _c1960 |
||
| 300 | _a363p. | ||
| 700 | _aWorster, W.; tr. | ||
| 850 | _aLCLIB | ||
| 942 | _cBK | ||
| 999 |
_c22836 _d73315 |
||